00769 2200277 4500001002100000005001500021035002500036090002200061245009100083260006000174300003100234040001700265082002000282084002000302850001200322041000800334007000300342008004100345100001300386650001500399700001500414700002000429990001200449990001800461990001200479YOGYA00000000009717520241017082630 a0010-081400000096892 aR 709.92524 BOB a00aAlbum sejarah seni budaya Kalimantan Timur II /cRobin AB, Ramelan MS, Atjep Djamludin31aJakarta :bproyek pengembangan media kebudayaan,c[s.a] a65 hlm. :bilus. ;c28 cm. aYOPDYOGbind 2[22]a709.92524 a709.92524 BOB a aYOPDYOG aindta131108s yoia g ind d aBobin AB aAlbum Seni0 aRamelan MS aAtjep Djamludin a22719-a a62605-PD/A.08 a22729-A